<?xml version="1.0" encoding="UTF-8"?>
<collection xmlns="http://www.loc.gov/MARC21/slim">
 <record>
  <leader>00531pamaa2200157   4500</leader>
  <controlfield tag="001">0000017223</controlfield>
  <controlfield tag="005">20060525090000.0</controlfield>
  <datafield tag="020" ind1="0" ind2="0">
   <subfield code="a">0393036588 </subfield>
  </datafield>
  <datafield tag="082" ind1=" " ind2=" ">
   <subfield code="a">975.24702 LEE 1994</subfield>
  </datafield>
  <datafield tag="090" ind1="0" ind2="0">
   <subfield code="a">F187.C4 </subfield>
   <subfield code="b">LEE 1994</subfield>
  </datafield>
  <datafield tag="100" ind1="1" ind2="0">
   <subfield code="a">LEE </subfield>
  </datafield>
  <datafield tag="245" ind1="1" ind2="4">
   <subfield code="a">The price of nationhood : </subfield>
   <subfield code="b">the American Revolution in Charles County  </subfield>
   <subfield code="c">Jean B. Lee.</subfield>
  </datafield>
  <datafield tag="260" ind1="0" ind2="0">
   <subfield code="a">New York: </subfield>
   <subfield code="b">W.W. Norton, </subfield>
   <subfield code="c">1994.</subfield>
  </datafield>
  <datafield tag="300" ind1=" " ind2=" ">
   <subfield code="a">xiii, 388p.: </subfield>
   <subfield code="b">25cm.</subfield>
  </datafield>
  <datafield tag="651" ind1="0" ind2="0">
   <subfield code="a">Charles County (Md.) -- </subfield>
   <subfield code="x">History </subfield>
  </datafield>
  <datafield tag="651" ind1="0" ind2="0">
   <subfield code="a">United States -- </subfield>
   <subfield code="x">History -- </subfield>
   <subfield code="x">Revolution -- </subfield>
   <subfield code="x">Social aspects -- </subfield>
   <subfield code="y">1775-1783 </subfield>
  </datafield>
 </record>
</collection>
